| 000 | 00508nam a22001697a 4500 | ||
|---|---|---|---|
| 005 | 20240821093154.0 | ||
| 008 | 240821b |||||||| |||| 00| 0 eng d | ||
| 020 | _a9781485119920 | ||
| 041 | _aEnglish | ||
| 082 | _a349 LAW | ||
| 100 | _lEnglish | ||
| 245 | _aJuta's Index and Annotations to the South African Law Reports | ||
| 260 |
_aCape Town: _bJuta and Company (Pty) Ltd, _c2016 |
||
| 300 |
_b171 pages; _c25 cm. |
||
| 650 |
_aLegal practice _bLaw |
||
| 942 |
_cBK _6ALISON_BN_VRIES |
||
| 999 |
_c2743 _d2743 |
||